MARC

LEADER 00000nam0a2200000 4500
001 55530
005 20231101211542.0
035 |a (RuTPU)RU\TPU\book\58282 
090 |a 55530 
100 |a 20030917d1979 km y0rusy50 ca 
101 0 |a rus 
102 |a RU 
105 |a a z 001zy 
200 1 |a Сушка дисперсных материалов в химической промышленности  |f А. Н. Плановский, В. И. Муштаев, В. М. Ульянов 
210 |a Москва  |c Химия  |d 1979 
215 |a 287 с.  |c ил. 
225 1 |a Процессы и аппараты химической и нефтехимической технологии 
320 |a Библиогр.: с. 283-287. 
606 1 |a Сушка  |x Расчет  |2 stltpush  |3 (RuTPU)RU\TPU\subj\31503  |9 54339 
610 1 |a дисперсные материалы 
610 1 |a химическая промышленность 
610 1 |a сушильные установки 
610 1 |a процессы 
610 1 |a аппараты 
610 1 |a химическая технология 
610 1 |a нефтехимическая промышленность 
675 |a 66.047  |v 3 
700 1 |a Плановский  |b А. Н.  |g Александр Николаевич 
701 1 |a Муштаев  |b В. И.  |g Виктор Иванович 
701 1 |a Ульянов  |b В. М.  |g Владимир Михайлович 
801 1 |a RU  |b 63413507  |c 20030917  |g PSBO 
801 2 |a RU  |b 63413507  |c 20141202  |g PSBO 
942 |c BK